1282 1439 1352 1636 1475 1472 1730 1519 1081 1076 1348 1514 1475 1269 1282 1167 1350 1308 1364 1811 1193 1373 1164 1028 1712 1482 1370 1246 1862 1587 1815 1707 1361 1868 1959 1565 1961 1075 1830 1371 1208 1601 1850 1424 1362 1854 1765 1341 1576 1852 1887 1687 1354 1973 1866 1725 1197 1653 1171 1758 1087 1710 1171 1979 1258 1282 1248 1993 1732 1786 1309 1672 1836 1554 1401 1540 1922 1341 1300 1841 1150 1703 1092 1000 1661 1422 1297 1477 1419 1139 1342 1309 1930 1356 1970 1788 1320 1518 1186 BCNSPRNW ULIB Ver.6.0+V

เปลี่ยนเป็นภาษาไทย

Change to English
 แสดงรายละเอียดบรรณานุกรม
  กลับหน้าหลัก

Brief Record : Get Marc (ISO 2709) : E-mail record : QR code < ปิดหน้าต่าง
LEADER : 00000nam 2200000uu 4500
001    13399127399
003     ULIB
008    200519s2017||||th 000 0 tha d
020    ^a9781520674049 (pbk.)
050  4 ^aPE1128^bE48TR
100 1  ^aElmetaher, Hosam
245 10 ^aTOEFL ITP test.^pReading /^cHosam Elmetaher
260    ^a[Great Britain :^bHosam Elmetaher],^c2017
300    ^av, 49 p. ;^c28 cm.
650  0 ^aTest of English as a Foreign Language^vStudy guides
650  0 ^aEnglish language^vTextbooks for foreign speakers
650  0 ^aEnglish language^xExaminations
653    ^aTOEFL
945    ^p623^l0^i007070
999    ^aประนอม เกษจรัล
รายการนี้ยังไม่มีแท็ก
คุณยังไม่ได้ล็อกอิน คุณสามารถมีกิจกรรมร่วมกับเว็บไซต์ได้ แต่ต้องล็อกอินก่อน ::
  ล็อกอิน

รายการสื่อสารสนเทศ

ลำดับที่ ประเภท เลขเรียก/บาร์โค้ด สถานที่ สถานะ
1. การศึกษาทั่วไป
หนังสือสำรอง
สถานะ=หนังสือสำรอง
PE1128 E48TR ฉ.1 
  Barcode: 007070
ห้องสมุดวิทยาเขตสวรรค์ประชารักษ์
►หนังสือทั่วไป
บนชั้น

รายการใกล้เคียง
    ผู้แต่ง [Elmetaher, Hosam]

BibComment


ยังไม่เคยถูกคอมเมนท์

คอมเมนท์ทรัพยากรรายการนี้
  คอมเมนท์: TOEFL ITP test R..


 Copyright 2026. Bcnsprnw @Library